[Event "CZE-tht Extraliga 2018-19"]
[Site "Czech Republic"]
[Date "2019.02.10"]
[Round "8.8"]
[White "Miturova, Magdalena"]
[Black "Smid, Miroslav"]
[Result "1-0"]
[WhiteElo "2224"]
[BlackElo "2265"]
[Annotator "NA"]
[PlyCount "75"]
[EventDate "2018.11.03"]
[EventType "team-tourn"]
[EventCountry "CZE"]
[SourceTitle "playchess.com"]
[Source "ChessBase"]
[SourceQuality "1"]
[WhiteTeam "Cesky Tesin"]
[BlackTeam "Siesta"]
[TimeControl "40/5400+30:1800+30"]

1. e4 {[%emt 0:00:00]} e5 {[%emt 0:00:31]} 2. Nf3 {[%emt 0:00:00]} Nc6 {[%emt 0:00:13]} 3. Bb5 {[%emt 0:00:00]} g6 {[%emt 0:00:14]} 4. c3 {[%emt 0:00:26]} Nge7 {[%emt 0:02:13]} 5. O-O {[%emt 0:01:36]} Bg7 {[%emt 0:00:35]} 6. d4 {[%emt 0:00:22]} exd4 {[%emt 0:00:13]} 7. cxd4 {[%emt 0:00:09]} d5 {[%emt 0:00:05]} 8. exd5 {[%emt 0:00:38]} Nxd5 {[%emt 0:00:08]} 9. Re1+ {[%emt 0:00:25]} Be6 {[%emt 0:00:07]} 10. Bg5 {[%emt 0:00:45]} Qd6 {[%emt 0:00:09]} 11. Nbd2 {[%emt 0:00:21]} O-O {[%emt 0:00:26]} 12. Ne4 {[%emt 0:01:15]} Qb4 {[%emt 0:00:38]} 13. Bxc6 {[%emt 0:00:13]} bxc6 {[%emt 0:00:07]} 14. Qc1 {[%emt 0:02:02]} Qb5 {[%emt 0:11:15]} 15. Nc5 {[%emt 0:15:50]} Bf5 {[%emt 0:05:08]} 16. a4 {[%emt 0:05:54]} Qb6 {[%emt 0:09:04]} 17. Ra3 {[%emt 0:11:32]} a5 {[%emt 0:05:27]} 18. Rb3 {[%emt 0:07:19]} Nb4 {[%emt 0:00:38]} 19. Bh6 {[%emt 0:02:33]} Rad8 {[%emt 0:09:38]} 20. Bxg7 {[%emt 0:03:30]} Kxg7 {[%emt 0:00:35]} 21. Qf4 {[%emt 0:04:58]} Rfe8 {[%emt 0:08:14]} 22. Rc1 {[%emt 0:16:36]} Rd6 {[%emt 0:12:32]} 23. Ne5 {[%emt 0:02:17]} Red8 {[%emt 0:11:27]} 24. Nf3 {[%emt 0:07:21]} Rf6 {[%emt 0:03:33]} 25. Qh4 {[%emt 0:03:09]} h6 {[%emt 0:03:41]} 26. g4 {[%emt 0:04:16]} g5 {[%emt 0:03:42]} 27. Qg3 {[%emt 0:03:25]} Bc8 {[%emt 0:02:49]} 28. Qe5 {[%emt 0:06:05]} Rd5 {[%emt 0:00:58]} 29. Qe8 {[%emt 0:00:51]} Bxg4 {[%emt 0:00:27]} 30. Ne5 {[%emt 0:00:07]} Rxd4 {[%emt 0:01:56]} 31. Rg3 {[%emt 0:00:47]} Na2 {[%emt 0:03:32]} 32. Nxg4 {[%emt 0:00:39]} Rxg4 {[%emt 0:00:40]} 33. Rxg4 {[%emt 0:00:28]} Nxc1 {[%emt 0:00:02]} 34. Qe5 {[%emt 0:00:30]} Ne2+ {[%emt 0:01:07]} 35. Kh1 {[%emt 0:01:11]} Nf4 {[%emt 0:03:41]} 36. Nd7 {[%emt 0:00:00]} Qxf2 {[%emt 0:00:06]} 37. Qxf6+ {[%emt 0:00:00]} Kg8 {[%emt 0:00:40]} 38. Qxc6 {[%emt 0:00:52]} 1-0

[Event "CZE-tht Extraliga 2018-19"]
[Site "Czech Republic"]
[Date "2019.04.19"]
[Round "9.1"]
[White "Navara, David"]
[Black "Nguyen, Thai Dai Van"]
[Result "1/2-1/2"]
[WhiteElo "2733"]
[BlackElo "2547"]
[Annotator "TA"]
[PlyCount "122"]
[EventDate "2018.11.03"]
[EventType "team-tourn"]
[EventCountry "CZE"]
[SourceTitle "playchess.com"]
[Source "ChessBase"]
[SourceQuality "1"]
[WhiteTeam "Novoborsky"]
[BlackTeam "Siesta"]

{[%evp 11,122,10,10,6,14,4,21,15,19,16,29,9,16,-76,-72,-75,-72,-53,-47,-98,-99,-124,-130,-123,-126,-119,-120,-123,-120,-149,-145,-142,-135,-142,-131,-128,-120,-145,-145,-137,-159,-181,-176,-175,-114,-227,-115,-108,-110,-113,-8,-22,-10,-15,-14,-61,-60,-60,-65,-70,0,0,0,11,25,-246,57,57,57,57,57,57,57,57,57,57,64,63,77,67,72,64,77,36,48,28,28,28,34,14,19,8,8,0,0,0,0,0,0,0,0,0,0,0,0,0,0,0,0,0,0,0,0]} 1. c4 Nf6 2. Nc3 e5 3. Nf3 Nc6 4. e3 Bb4 5. Qc2 Bxc3 6. Qxc3 Qe7 7. d4 {next d5 is good for White. A28: English Opening: Four Knights Variation} (7. Be2 O-O 8. d4 Ne4 9. Qc2 exd4 10. exd4 Qb4+ 11. Bd2 Nxd2 12. Qxd2 Qxd2+ 13. Kxd2 d6 14. h3 Bd7 15. Rhe1 Rfe8 {½-½ (30) Vitiugov,N (2709)-Kryvoruchko,Y (2698) Germany 2019}) 7... e4 8. Nd2 d5 9. a3 O-O 10. b4 $146 ({Predecessor:} 10. cxd5 Nxd5 11. Qc5 Qe6 12. b4 a6 {0-1 (46) Romm,M (2290)-Lev,R (2480) Israel 1990}) 10... Qd8 11. Bb2 Ne7 {[%cal Bc6e7,Be7f5,Bf5e3][%mdl 32]} 12. f3 (12. a4 $11 {keeps the balance.}) 12... Re8 $17 13. fxe4 Nxe4 14. Nxe4 Nf5 $1 15. O-O-O ({But not} 15. g4 $2 Nxe3 16. Ng3 Bxg4 $19) (15. Be2 $15) 15... Rxe4 16. Re1 Qg5 {[%cal Re4e3]} 17. Bd3 Rxe3 18. Rxe3 Nxe3 19. Qd2 dxc4 20. Bxc4 h6 21. Bb3 Nxg2 22. Rg1 Qxd2+ 23. Kxd2 Nh4 $1 {[%cal Rh4f3]} 24. Rc1 c6 25. d5 Bd7 26. b5 {[%cal Rb5c6]} cxd5 ({Resist} 26... cxb5 27. Rc7 $17) 27. a4 {intending Rc7.} Be6 (27... Nf3+ $1 $19 28. Ke3 Nxh2 29. Bxd5 Re8+ 30. Kf4 Be6 31. Bxb7 g5+ 32. Kg3 Rd8) 28. a5 (28. Rc7 $17 {was called for.}) 28... Bd7 (28... Nf3+ $19 29. Ke2 Nxh2) 29. Rc7 Bxb5 30. Rxb7 Bc4 ({Better is} 30... Nf3+ $17 31. Ke3 Bc6) 31. Bxc4 $11 dxc4 {[%mdl 4096] Endgame KRB-KRN} 32. a6 $1 Nf5 {Threatening ...Nd6.} 33. Be5 Rd8+ 34. Kc3 Rd5 $1 {[%cal Rd5e5]} 35. Bc7 Nd6 (35... Ne3 $1 $15 36. Kb4 Rd3) 36. Rxa7 Rd3+ 37. Kb4 {Black must now prevent Ra8+.} c3 {( -> ...c2)} 38. Bb6 $2 {[%mdl 8192] [#]} (38. Kb3 $11 {and White stays safe.} Nb5 39. Rb7 Nd4+ 40. Kc4) 38... c2 $2 (38... Nc4 $1 $19 {[%mdl 512] ...c2 is the strong threat.} 39. Kxc4 c2 40. Kxd3 (40. Ra8+ $2 Kh7 $19) 40... c1=Q) 39. Rc7 $14 Rd1 $1 {[%cal Rd1b1]} 40. Rxc2 Rb1+ $1 41. Kc5 Ra1 $1 {[%cal Ra1a6]} 42. Kxd6 Rxa6 {KRB-KR} 43. Rb2 Ra4 44. Kd5 Rh4 45. Bc5 Rh5+ 46. Kd6 Kh7 47. Rc2 g5 48. Ke7 Kg6 49. Rd2 {Strongly threatening Rd6+.} f6 50. Re2 {Hoping for Bd4.} Rh3 {The position is equal.} 51. Bd4 f5 52. Re6+ Kh5 53. Bg7 Kg4 54. Bxh6 Rxh2 55. Rg6 Rxh6 56. Rxh6 $11 {KR-KPP} f4 57. Kf6 {And now Ke5 would win.} f3 58. Rg6 f2 59. Rxg5+ Kf3 60. Rf5+ Ke2 61. Rxf2+ Kxf2 {Accuracy: White = 40%, Black = 60%.} 1/2-1/2

[Event "CZE-tht Extraliga 2018-19"]
[Site "Czech Republic"]
[Date "2019.04.19"]
[Round "9.1"]
[White "Matlakov, Maxim"]
[Black "Rodshtein, Maxim"]
[Result "1/2-1/2"]
[WhiteElo "2692"]
[BlackElo "2689"]
[Annotator "TA"]
[PlyCount "43"]
[EventDate "2018.11.03"]
[EventType "team-tourn"]
[EventCountry "CZE"]
[SourceTitle "playchess.com"]
[Source "ChessBase"]
[SourceQuality "1"]
[WhiteTeam "Pardubice"]
[BlackTeam "Turnov"]

{[%evp 11,43,11,23,4,53,54,53,63,62,45,63,41,46,50,63,41,35,32,33,13,11,0,0,0,0,0,0,0,0,0,0,0,0,0]} 1. c4 c5 2. Nc3 Nf6 3. g3 d5 4. cxd5 Nxd5 5. Bg2 Nxc3 6. bxc3 e5 7. Qa4+ {A22: English Opening: 1...e5 2 Nc3 Nf6} (7. Nf3 Nc6 8. O-O Be7 9. d3 O-O 10. Rb1 Qe8 11. Nd2 Rb8 12. a4 Be6 13. Nc4 b6 14. Bxc6 Qxc6 15. Nxe5 Qd5 16. f4 f6 17. Nf3 c4 18. Rb5 {½-½ (31) Gelfand,B (2673)-Roiz,M (2605) St Petersburg 2018}) 7... Nc6 $146 (7... Bd7 $5 {[%cal Rd7a4]} 8. Qb3 Nc6 $11) ({Predecessor:} 7... Qd7 8. Qc2 Nc6 9. Nf3 Rb8 10. O-O Be7 11. Rd1 O-O 12. Bb2 Bf6 13. d4 cxd4 14. cxd4 Nxd4 15. Nxd4 exd4 {0-1 (37) Filippova,D (1662)-Vyalykh,A (1852) Satka 2014}) 8. Bxc6+ bxc6 9. Nf3 {White is slightly better.} f6 10. d4 exd4 11. cxd4 Qb6 12. O-O Kf7 13. Be3 Qa6 $1 {[%cal Ra6a4]} 14. Qc2 cxd4 15. Bxd4 Be6 {The position is equal.} 16. Bc5 Bxc5 17. Qxc5 Rhd8 18. Nd4 {[#] Black must now prevent Qh5+.} Rd5 19. Qxc6 Qxc6 20. Nxc6 Rd2 21. Rfd1 Rxe2 22. Nd8+ {Accuracy: White = 55%, Black = 78%.} 1/2-1/2

[Event "CZE-tht Extraliga 2018-19"]
[Site "Czech Republic"]
[Date "2019.04.19"]
[Round "9.1"]
[White "Balogh, Csaba"]
[Black "Sadzikowski, Daniel"]
[Result "1/2-1/2"]
[WhiteElo "2610"]
[BlackElo "2523"]
[Annotator "RC"]
[PlyCount "79"]
[EventDate "2018.11.03"]
[EventType "team-tourn"]
[EventCountry "CZE"]
[SourceTitle "playchess.com"]
[Source "ChessBase"]
[SourceQuality "1"]
[WhiteTeam "Brno"]
[BlackTeam "Duras"]
[TimeControl "40/5400+30:1800+30"]

1. e4 {[%emt 0:00:00]} c6 {[%emt 0:00:00]} 2. d4 {[%emt 0:02:34]} d5 {[%emt 0:00:00]} 3. exd5 {[%emt 0:01:34]} cxd5 {[%emt 0:00:00]} 4. Bd3 {[%emt 0:00:06]} Nc6 {[%emt 0:00:00]} 5. c3 {[%emt 0:00:07]} Nf6 {[%emt 0:00:49]} 6. h3 {[%emt 0:06:43]} g6 {[%emt 0:00:11]} 7. Nf3 {[%emt 0:00:36]} Bf5 {[%emt 0:00:24]} 8. Be2 {[%emt 0:02:21]} Qc7 {[%emt 0:00:04]} 9. O-O {[%emt 0:00:21]} Bg7 {[%emt 0:00:03]} 10. Re1 {[%emt 0:03:53]} h6 {[%emt 0:02:48]} 11. Nbd2 {[%emt 0:03:04]} g5 {[%emt 0:08:37]} 12. Nf1 {[%emt 0:03:10]} e6 {[%emt 0:04:54]} 13. Ng3 {[%emt 0:01:22]} O-O-O {[%emt 0:05:42]} 14. Nxf5 {[%emt 0:16:40]} exf5 {[%emt 0:00:06]} 15. Bd3 {[%emt 0:00:11]} Ne4 {[%emt 0:01:13]} 16. Nh2 {[%emt 0:02:43]} Rhe8 {[%emt 0:17:43]} 17. Nf1 {[%emt 0:00:44]} f4 {[%emt 0:00:59]} 18. f3 {[%emt 0:00:23]} Nd6 {[%emt 0:00:27]} 19. Rxe8 {[%emt 0:07:29]} Rxe8 {[%emt 0:00:12]} 20. Qb3 {[%emt 0:00:07]} Ne7 {[%emt 0:06:01]} 21. Bd2 {[%emt 0:00:31]} Bf6 {[%emt 0:01:36]} 22. Re1 {[%emt 0:06:44]} Rg8 {[%emt 0:02:26]} 23. Bc1 {[%emt 0:12:33]} Kb8 {[%emt 0:02:57]} 24. a4 {[%emt 0:01:12]} Qd7 {[%emt 0:06:26]} 25. a5 {[%emt 0:03:01]} Ndf5 {[%emt 0:02:30]} 26. a6 {[%emt 0:01:36]} b6 {[%emt 0:00:09]} 27. Qc2 {[%emt 0:01:59]} h5 {[%emt 0:01:04]} 28. Nh2 {[%emt 0:02:23]} Nh4 {[%emt 0:04:06]} 29. Qe2 {[%emt 0:01:01]} Nef5 {[%emt 0:00:55]} 30. Bb5 {[%emt 0:00:27]} Qc8 {[%emt 0:05:02]} 31. Ba4 {[%emt 0:02:34]} Nd6 {[%emt 0:02:15]} 32. Qd3 {[%emt 0:01:27]} Nhf5 {[%emt 0:01:16]} 33. b3 {[%emt 0:01:54]} Qc7 {[%emt 0:03:27]} 34. Ba3 {[%emt 0:00:14]} Rc8 {[%emt 0:10:54]} 35. Bb4 {[%emt 0:00:08]} Ka8 {[%emt 0:00:28]} 36. Nf1 {[%emt 0:03:09]} Rb8 {[%emt 0:02:05]} 37. Bb5 {[%emt 0:00:46]} Rd8 {[%emt 0:00:52]} 38. Ba4 {[%emt 0:03:57]} Rb8 {[%emt 0:00:22]} 39. Bb5 {[%emt 0:02:11]} Rd8 {[%emt 0:00:10]} 40. Ba4 {[%emt 0:03:30]} 1/2-1/2

[Event "CZE-tht Extraliga 2018-19"]
[Site "Czech Republic"]
[Date "2019.04.19"]
[Round "9.1"]
[White "Miton, Kamil"]
[Black "Kempinski, Robert"]
[Result "1/2-1/2"]
[WhiteElo "2593"]
[BlackElo "2575"]
[Annotator "ChessBase"]
[PlyCount "35"]
[EventDate "2018.11.03"]
[EventType "team-tourn"]
[EventCountry "CZE"]
[SourceTitle "playchess.com"]
[Source "ChessBase"]
[SourceQuality "1"]
[WhiteTeam "Ostrava"]
[BlackTeam "Poruba"]
[TimeControl "40/5400+30:1800+30"]

1. d4 {[%emt 0:00:00]} Nf6 {[%emt 0:00:13]} 2. c4 {[%emt 0:00:00]} g6 {[%emt 0:02:01]} 3. Nf3 {[%emt 0:00:28]} Bg7 {[%emt 0:00:54]} 4. g3 {[%emt 0:00:09]} d5 {[%emt 0:03:46]} 5. Bg2 {[%emt 0:00:42]} dxc4 {[%emt 0:03:26]} 6. O-O {[%emt 0:01:24]} c6 {[%emt 0:02:50]} 7. a4 {[%emt 0:06:44]} O-O {[%emt 0:04:59]} 8. Na3 {[%emt 0:02:06]} Be6 {[%emt 0:04:21]} 9. Ng5 {[%emt 0:21:35]} Bd5 {[%emt 0:01:20]} 10. e4 {[%emt 0:00:53]} h6 {[%emt 0:00:18]} 11. exd5 {[%emt 0:00:13]} hxg5 {[%emt 0:00:11]} 12. dxc6 {[%emt 0:00:27]} Nxc6 {[%emt 0:00:14]} 13. Bxg5 {[%emt 0:00:58]} Qxd4 {[%emt 0:09:38]} 14. Bxc6 {[%emt 0:07:09]} Qxd1 {[%emt 0:00:44]} 15. Raxd1 {[%emt 0:00:06]} bxc6 {[%emt 0:00:11]} 16. Nxc4 {[%emt 0:00:06]} Nd5 {[%emt 0:00:44]} 17. Na5 {[%emt 0:06:14]} Bxb2 {[%emt 0:00:37]} 18. Nxc6 {[%emt 0:02:40]} 1/2-1/2

[Event "CZE-tht Extraliga 2018-19"]
[Site "Czech Republic"]
[Date "2019.04.19"]
[Round "9.1"]
[White "Molenda, Marcin"]
[Black "Zhigalko, Andrey"]
[Result "1/2-1/2"]
[WhiteElo "2383"]
[BlackElo "2546"]
[Annotator "TA"]
[PlyCount "47"]
[EventDate "2018.11.03"]
[EventType "team-tourn"]
[EventCountry "CZE"]
[SourceTitle "playchess.com"]
[Source "ChessBase"]
[SourceQuality "1"]
[WhiteTeam "Cesky Tesin"]
[BlackTeam "Beskydska"]

{[%evp 16,47,12,4,18,16,10,16,25,3,11,0,22,0,31,0,2,2,2,5,3,0,0,0,0,0,5,-4,-8,-2,0,6,1,0]} 1. d4 Nf6 2. c4 g6 3. g3 Bg7 4. Bg2 d5 5. cxd5 Nxd5 6. Nf3 Nb6 7. O-O Nc6 8. e3 e5 9. Nc3 exd4 {D71: Fianchetto Grünfeld: 3 g3 d5 sidelines and 5 cxd5 (without Nf3)} 10. exd4 O-O 11. Bg5 Qd6 12. Bf4 $146 ({Predecessor:} 12. d5 Nb4 13. Nd2 N4xd5 14. Nxd5 Nxd5 15. Nc4 Qa6 16. Bxd5 c6 17. Bxf7+ Rxf7 {1-0 (27) Lagarde,M (2601)-Heimann,A (2573) Chartres 2017}) 12... Qd8 13. Bg5 Qd6 14. Bf4 Qb4 15. Qb3 Qxb3 {The position is equal.} 16. axb3 Be6 17. Bxc7 Nd5 $1 {[%cal Rd5c7]} 18. Bd6 Rfd8 19. Bc5 b6 20. Ba3 h6 21. Rad1 Rac8 22. Nb5 a6 23. Nd6 Rc7 24. Rc1 {Accuracy: White = 47%, Black = 74%.} 1/2-1/2

[Event "CZE-tht Extraliga 2018-19"]
[Site "Czech Republic"]
[Date "2019.04.19"]
[Round "9.1"]
[White "Vavra, Pavel"]
[Black "Nabaty, Tamir"]
[Result "0-1"]
[WhiteElo "2359"]
[BlackElo "2683"]
[Annotator "TA"]
[PlyCount "36"]
[EventDate "2018.11.03"]
[EventType "team-tourn"]
[EventCountry "CZE"]
[SourceTitle "playchess.com"]
[Source "ChessBase"]
[SourceQuality "1"]
[WhiteTeam "Siesta B"]
[BlackTeam "Lysa nad Labem"]

{[%evp 9,36,1,3,4,16,-8,-7,-37,-15,-38,-41,-93,-30,-36,-36,-58,-56,-86,-79,-95,-80,-109,-108,-142,-146,-155,-138,-165,-165]} 1. d4 d5 2. Bf4 c5 3. e3 Nc6 4. c3 Bf5 (4... cxd4 5. exd4 Nf6 6. Bd3 Bg4 7. Qb3 Qc8 8. Nd2 e6 9. Ngf3 Bh5 10. O-O Be7 11. Rae1 a6 12. Qc2 Bg6 13. Ne5 Nxd4 14. Qa4+ Nc6 15. Nxg6 hxg6 16. Nf3 b5 17. Qd1 Qd7 18. a4 bxa4 19. Qxa4 {1-0 (84) Nakamura,H (2780)-Topalov,V (2749) Saint Louis 2017}) 5. Nd2 e6 6. Ngf3 {D00: 1 d4 d5: Unusual lines} a6 7. Ne5 $146 ({Predecessor:} 7. a4 c4 8. Be2 h6 9. O-O Nf6 10. h3 Be7 11. Ne5 Nxe5 12. Bxe5 {1-0 (42) Sillye,K (2081)-Hunko,G (1999) Hungary 2014}) 7... Nxe5 8. dxe5 {The position is equal.} (8. Bxe5 {keeps more tension.} Nf6 9. Be2 Nd7 10. Bg3 Be7 11. a4) 8... Ne7 9. g4 Bg6 $1 10. Bg2 (10. h4 $15 h5 11. gxh5 Bxh5 12. Be2 Bxe2 13. Qxe2) 10... Nc6 (10... Qc7 $17) 11. O-O h5 12. c4 $1 Qd7 13. h3 hxg4 14. hxg4 Rd8 15. cxd5 exd5 16. Bg3 Bd3 {Black is clearly better.} 17. Re1 c4 18. a3 Qe6 {Accuracy: White = 48%, Black = 53%.} 0-1

[Event "CZE-tht Extraliga 2018-19"]
[Site "Czech Republic"]
[Date "2019.04.19"]
[Round "9.2"]
[White "Najer, Evgeniy"]
[Black "Jurcik, Martin"]
[Result "1-0"]
[WhiteElo "2667"]
[BlackElo "2335"]
[Annotator "TA"]
[PlyCount "65"]
[EventDate "2018.11.03"]
[EventType "team-tourn"]
[EventCountry "CZE"]
[SourceTitle "playchess.com"]
[Source "ChessBase"]
[SourceQuality "1"]
[WhiteTeam "Lysa nad Labem"]
[BlackTeam "Siesta B"]

{[%evp 9,65,4,8,1,19,0,6,-9,-13,-33,-25,-47,-35,-70,-25,-55,-37,-38,-39,-66,-72,-63,-65,-59,-76,-66,-45,-64,-37,-43,-17,-66,-70,-75,-22,-112,-105,-101,-93,-85,-96,-78,-70,-85,-70,-111,-98,-146,-125,-130,-98,-144,-102,-137,29977,12186,2171,1770]} 1. e4 e5 2. Nf3 Nf6 3. d4 Nxe4 4. dxe5 d5 5. Nbd2 Nxd2 6. Qxd2 {C43: Petroff Defence: 3 d4} h6 7. b4 c5 8. a3 $146 {The position is equal.} ({Predecessor:} 8. bxc5 Bxc5 9. Bb5+ Nc6 10. O-O O-O 11. Qf4 Be6 12. Qg3 Kh8 13. Rb1 Ne7 {0-1 (27) Najer,E (2634)-Gelfand,B (2737) Odessa 2008}) 8... Nc6 {[%cal Rc5b4]} 9. b5 Ne7 10. Bb2 Be6 11. Be2 g6 12. a4 Bg7 13. h4 Qc7 14. Kf1 Rd8 15. Re1 d4 16. Kg1 Nd5 ({Wrong is} 16... Bxe5 $2 17. b6 $1 $18 {[%mdl 512]}) 17. Bc4 Qd7 18. Ba3 Rc8 19. Qd3 Nc3 20. h5 g5 21. Rh3 Nxa4 ({Much worse is} 21... Bxh3 22. gxh3 Qxh3 23. Bxf7+ $1 {[%mdl 512]} Kd8 24. Qg6 $11) (21... Bxc4 $17 22. Qxc4 Qe6) 22. Nd2 (22. Bxe6 $11 {keeps the balance.} Qxe6 23. Rg3) 22... Nc3 23. Bxe6 Qxe6 24. Ne4 Nxe4 25. Qxe4 b6 26. f4 gxf4 27. Qxf4 {[#]} O-O $1 28. Rg3 {aiming for Qf6.} Kh8 29. Bc1 Rce8 30. Rg4 Rg8 31. Re4 Bxe5 $2 {[%mdl 8192] [#]} (31... Rd8 $17 32. Rg3 Rd5) 32. Rxe5 $1 {[%mdl 512]} Rxg4 (32... Qxe5 33. Qxh6#) 33. Rxe6 {Accuracy: White = 45%, Black = 52%.} 1-0

[Event "CZE-tht Extraliga 2018-19"]
[Site "Czech Republic"]
[Date "2019.04.19"]
[Round "9.2"]
[White "Azarov, Sergei"]
[Black "Straka, Vojtech"]
[Result "1-0"]
[WhiteElo "2595"]
[BlackElo "2366"]
[Annotator "TA"]
[PlyCount "77"]
[EventDate "2018.11.03"]
[EventType "team-tourn"]
[EventCountry "CZE"]
[SourceTitle "playchess.com"]
[Source "ChessBase"]
[SourceQuality "1"]
[WhiteTeam "Beskydska"]
[BlackTeam "Cesky Tesin"]

{[%evp 11,77,18,27,27,29,20,31,16,26,15,20,25,40,23,30,9,112,112,125,96,109,110,159,148,152,143,211,157,220,225,228,155,177,183,158,161,219,230,260,258,426,419,422,424,416,402,447,452,433,447,417,287,288,283,479,461,470,479,426,400,564,565,564,522,666,645,1056,1012]} 1. e4 c6 2. d4 d5 3. e5 Bf5 4. Nf3 e6 5. Be2 Ne7 6. O-O h6 7. Nbd2 {B12: Caro-Kann: Advance Variation} Nd7 8. Nb3 (8. c3 g5 9. Ne1 c5 10. Nc2 Nc6 11. Nb3 c4 12. Nd2 Bg6 13. Bh5 Bd3 14. Re1 Bg7 {0-1 (60) Vachier Lagrave,M (2779)-Nakamura,H (2777) chess.com INT 2018}) 8... g5 9. a4 {White is slightly better.} Qc7 10. Bd2 a5 11. Rc1 Bg7 12. Qe1 O-O 13. h4 $36 {[%mdl 2048] [#] Black is under pressure.} ({Much weaker is} 13. Nxa5 f6 $15) 13... gxh4 $146 (13... g4 $11 {remains equal.} 14. Nh2 h5) ({Predecessor:} 13... g4 14. Nh2 h5 15. f3 gxf3 16. Nxf3 {0-1 (34) Hagen,A (2377)-Rasmussen,A (2543) Denmark 2018}) 14. Nxh4 $16 ({Of course not} 14. Bxa5 $6 b6 $11) 14... Bh7 15. c4 ({But not} 15. Bxa5 $6 b6 $14) 15... dxc4 16. Bxc4 b6 17. Rc3 c5 18. Bb5 Qb7 (18... Nf5 $16) 19. Rg3 {Qc1 is the strong threat.} Ng6 (19... Kh8 $16) 20. Nxg6 $18 Bxg6 21. dxc5 Nxc5 22. Nxc5 bxc5 23. Bxa5 Qd5 (23... Rxa5 $142 24. Qxa5 Bxe5) 24. Bc7 Rfc8 25. Bd6 Bc2 $2 (25... c4 26. Qe2 Qe4 27. Qxe4 Bxe4) 26. Qc1 Bg6 {[#]} 27. Rxg6 $1 {[%mdl 512]} fxg6 28. Bc4 Qd4 29. Bxe6+ {[%mdl 64] Double Attack} Kh7 30. Bxc8 Rxc8 31. b3 {[%cal Bb2b3,Bb3b4,Bb4b5][%mdl 32]} c4 32. Qc2 c3 $2 {[#]} (32... Bxe5 {keeps fighting.} 33. Bxe5 Qxe5 34. bxc4 Rc7) 33. Rd1 Qg4 34. b4 h5 35. Re1 Qf5 (35... h4 {might work better.} 36. Bc5 h3) 36. Qxf5 {White is clearly winning.} gxf5 37. Rc1 Bh6 38. Rc2 Bd2 39. b5 {Accuracy: White = 76%, Black = 48%.} 1-0

[Event "CZE-tht Extraliga 2018-19"]
[Site "Czech Republic"]
[Date "2019.04.19"]
[Round "9.2"]
[White "Michalik, Peter"]
[Black "Vidit, Santosh Gujrathi"]
[Result "1/2-1/2"]
[WhiteElo "2577"]
[BlackElo "2717"]
[Annotator "TA"]
[PlyCount "43"]
[EventDate "2018.11.03"]
[EventType "team-tourn"]
[EventCountry "CZE"]
[SourceTitle "playchess.com"]
[Source "ChessBase"]
[SourceQuality "1"]
[WhiteTeam "Siesta"]
[BlackTeam "Novoborsky"]

{[%evp 20,43,41,12,19,16,8,17,9,20,19,16,29,0,17,0,0,0,27,0,16,17,17,8,20,10]} 1. e4 c5 2. Nf3 d6 3. d4 cxd4 4. Nxd4 Nf6 5. Nc3 a6 6. Be3 Ng4 7. Bg5 h6 8. Bh4 g5 9. Bg3 Bg7 10. h3 Ne5 11. Nf5 Bxf5 $1 {B90: Sicilian Najdorf: Unusual White 6th moves, 6 Be3 Ng4 and 6 Be3 e5} 12. exf5 Nbc6 13. Nd5 e6 14. fxe6 fxe6 15. Ne3 O-O (15... Qa5+ 16. c3 Nf3+ 17. Qxf3 Bxc3+ 18. Kd1 Qa4+ 19. Nc2 Bxb2 {½-½ (60) Nakamura,H (2785)-Grischuk,A (2742) Sharjah 2017}) 16. c3 d5 17. Be2 d4 18. cxd4 Qxd4 $146 ({Predecessor:} 18... Qa5+ 19. Qd2 Qxd2+ 20. Kxd2 Nxd4 {1-0 (61) Raidaru,M (2367)-Johansson,B (2292) ICCF email 2008}) 19. Qb3 Qb4+ {The position is equal.} 20. Qxb4 Nxb4 21. O-O Nbd3 22. Bxe5 1/2-1/2